000 00273nam a22001217a 4500
008 170309b xxu||||| |||| 00| 0 eng d
041 _aeng
080 _22 ED
_a611
100 _a6
101 _aSHM
245 _aPHYSIOLOGY OF NERVOUS SYSTEM
_cEYZAGUIRRE.C
942 _2udc
_cBK
999 _c7306
_d7306